[Event "GER-chT U18 Girls"]
[Site "Germany"]
[Date "2011.05.15"]
[Round "7.1"]
[White "Hillmer, Nicole"]
[Black "Koenig, Isabel"]
[Result "0-1"]
[WhiteElo "1204"]
[BlackElo "910"]
[PlyCount "158"]
[EventDate "2011.05.13"]
[EventType "team-swiss"]
[EventRounds "7"]
[EventCountry "GER"]
[SourceTitle "EXT 2012"]
[Source "ChessBase"]
[SourceDate "2011.11.24"]
[SourceVersion "1"]
[SourceVersionDate "2011.11.24"]
[SourceQuality "1"]
[WhiteTeam "Neureut Gymn (W)"]
[BlackTeam "Altenholz Gymn (W)"]
[WhiteTeamCountry "GER"]
[BlackTeamCountry "GER"]

1. e4 c5 2. Nc3 e6 3. Bc4 d6 4. d3 Nf6 5. a3 Nbd7 6. Nf3 Be7 7. h3 0-0 8. Bf4 a6 9. 0-0 b5 10. Ba2 Bb7 11. Re1 Qc7 12. Qe2 Rfe8 13. Rad1 h6 14. Qd2 Rac8 15. Ne2 Qc6 16. Ng3 Kh7 17. Qe2 g6 18. Qe3 e5 19. Bxh6 Kg8 20. Ng5 d5 21. exd5 Nxd5 22. Bxd5 Qxd5 23. Qe4 Qxe4 24. N5xe4 Bxe4 25. dxe4 Kh7 26. Be3 Rc7 27. Rd2 c4 28. Red1 Nc5 29. Bxc5 Bxc5 30. c3 Kh6 31. Rd7 Rxd7 32. Rxd7 f6 33. Rc7 Bf8 34. Rc6 Rd8 35. Rxf6 Rd1+ 36. Kh2 Be7 37. Nf5+ Kg5 38. Re6 gxf5 39. Rxe7 Kf4 40. exf5 Kxf5 41. Kg3 e4 42. Rf7+ Ke5 43. h4 Rd3+ 44. Kh2 Ke6 45. Rf4 Ke5 46. Rf8 Rd6 47. g4 Rd2 48. Re8+ Kf4 49. Kg2 Kxg4 50. Rxe4+ Kh5 51. Kg3 Rd3+ 52. Kg2 Rd2 53. Re6 Rxb2 54. Rxa6 Rb3 55. Ra5 Kxh4 56. Kg1 Kg4 57. Kg2 Kf4 58. Ra8 Rxc3 59. Rf8+ Ke4 60. f3+ Ke3 61. Rb8 Rd3 62. Rxb5 c3 63. Rc5 Kd2 64. a4 c2 65. a5 c1Q 66. Rxc1 Kxc1 67. Kg3 Ra3 68. Kg4 Rxa5 69. f4 Ra2 70. Kg5 Rg2+ 71. Kf6 Kd2 72. f5 Ke3 73. Kf7 Ke4 74. f6 Kf5 75. Ke7 Re2+ 76. Kf7 Re6 77. Kg7 Rxf6 78. Kh7 Rd6 79. Kg7 Rc6 0-1

[Event "GER-chT U18 Girls"]
[Site "Germany"]
[Date "2011.05.13"]
[Round "3.1"]
[White "Nee, Maria Elisabeth"]
[Black "Hillmer, Nicole"]
[Result "0-1"]
[WhiteElo "800"]
[BlackElo "1204"]
[PlyCount "76"]
[EventDate "2011.05.13"]
[EventType "team-swiss"]
[EventRounds "7"]
[EventCountry "GER"]
[SourceTitle "EXT 2012"]
[Source "ChessBase"]
[SourceDate "2011.11.24"]
[SourceVersion "1"]
[SourceVersionDate "2011.11.24"]
[SourceQuality "1"]
[WhiteTeam "Mariengymn (W)"]
[BlackTeam "Neureut Gymn (W)"]
[WhiteTeamCountry "GER"]
[BlackTeamCountry "GER"]

1. e4 e5 2. Nf3 Nc6 3. Bc4 Bc5 4. d3 h6 5. Nc3 Nf6 6. Be3 Bb6 7. 0-0 d6 8. h3 Be6 9. Nd5 0-0 10. c3 Na5 11. b4 Nxc4 12. dxc4 Bxe3 13. fxe3 Nxe4 14. Qd3 Ng3 15. Rfe1 c6 16. e4 cxd5 17. cxd5 Bd7 18. Nxe5 dxe5 19. Qxg3 Qg5 20. Qxg5 hxg5 21. Rab1 Rac8 22. Rb3 Ba4 23. Ra3 Bc2 24. Re3 Rc4 25. Re2 Bxe4 26. d6 a6 27. d7 Rd8 28. Rd2 Bc6 29. Ra5 Rxd7 30. Rxd7 Bxd7 31. Rxe5 f6 32. Re7 Bc6 33. Rc7 Rxc3 34. a4 Rb3 35. b5 axb5 36. axb5 Rxb5 37. Kf2 Rb2+ 38. Kg3 Rxg2# 0-1